000 00988 a2200205 4500
001 63513
005 20260407155933.0
008 260407a1969 arg spa d
003 AR-UNSa-BCEJYS
040 _aAR-UNSa-BCEJYS
_bspa
_cAR-UNSa-BCEJYS
080 _a004.42
_xProgramación de ordenadores. Programas de ordenador
245 1 0 _aMétodos númericos en computadoras digitales
264 1 _aMéxico :
_bLimusa-Wiley
_c1969
300 _a236 p.
_c23 cm.
505 _a1. Generalidades sobre computadoras digitales – 2. Nociones básicas sobre programación – 3. Introducción al leguaje FØrtran – 4. Programas de ejecución directa. Subprogramas – 5. Variables suscritas – 6. Programas de ejecución progresiva – 7. Programa de ejecución por aproximaciones progresivas – 8. Errores en operaciones con computadora – 9. Programación avanzada –
041 _aspa
942 _cBK
590 _aniveau_biblio:m niveau_hierar:0
100 1 _aNieto Ramírez, José A.
999 _c8198
_d8198